| 000 | 00595nam a2200217 a 4500 | ||
|---|---|---|---|
| 999 |
_c612 _d612 |
||
| 001 | 612 | ||
| 003 | BD-JhCC | ||
| 005 | 20171007211555.0 | ||
| 008 | 171007s1957 a|||| |||| 00| 0 eng d | ||
| 035 | _a(BD-JhCC)612 | ||
| 040 |
_aBD-JhCC _dBD-JhCC |
||
| 041 | _aeng | ||
| 082 |
_222 _a388.322 _bCAR 1957 |
||
| 100 | _aCarter , F. Ernest . | ||
| 245 |
_aFamous motor-coaches and coachways of the world / _cF. Ernest Carter : K. E. Carter. |
||
| 260 |
_aLondon , _bFrederick muller ltd. _c1957. |
||
| 300 |
_a144p. : _bill. ; _c22cm. |
||
| 650 | _aBus lines | ||
| 942 |
_2ddc _cBK |
||